| 000 | 01056nam a2200325Ia 4500 | ||
|---|---|---|---|
| 003 | OSt | ||
| 005 | 20221007122351.0 | ||
| 006 | a|||||r|||| 00| 0 | ||
| 007 | ta | ||
| 008 | 221006b |||||||| |||| 00| 0 eng d | ||
| 020 | _a9788181281616 (pbk) | ||
| 024 | _a82775 | ||
| 037 |
_b1620, 15/12/2008, New India Book Agency _cTextbook |
||
| 040 |
_aPAPL _cPAPL _beng |
||
| 041 |
_2eng _aeng |
||
| 082 | _aC21, N1;P3;4 Carpa | ||
| 100 |
_aIbach Harald _9496543 |
||
| 245 | 0 |
_aSolid-state physics:an introduction to principles of materials science _b Luth Hans |
|
| 250 | _a3 | ||
| 260 |
_aBerlin _bSpringer _c2003 |
||
| 300 |
_axii, 501p. _ccm. |
||
| 490 | _aAdvanced texts in physics | ||
| 500 | _a''References 483-493p''.; ''Index 495-501p''. | ||
| 650 |
_a Solid theory _9714130 |
||
| 650 |
_a State physics _9714131 |
||
| 650 | _aPhysics | ||
| 700 | _a Luth Hans | ||
| 942 |
_hC21, N1;P3;4 Carpa _cTB _2CC |
||
| 999 |
_c1210222 _d1210222 |
||